000 01452nam a2200361 4500
999 _c85215
_d322492
001
003 OSt
005 20221214141434.0
008 050627s2006 nyua 001 0 eng d
020 _a0131523597
020 _a9780131523593
040 _aDLC
_cDLC
_dIG#
_dBAKER
_dBTCTA
_dYDXCP
_dDLC
050 0 0 _aPE1408
_b.H6644 2006
082 0 0 _222
_a808.042
_bOAW
100 1 _aOshima, Alice.
_957176
245 1 0 _aWriting academic English /
_cAlice Oshima, Ann Hogue.
250 _a4th ed.
260 _aWhite Plains, NY :
_bPearson/Longman,
_c2006.
300 _axi, 337 p. :
_bill. ;
_c28 cm.
500 _aIncludes index.
504 _aيشتمل على قائمة ببليوجرافية.
505 0 _apt. 1. Writing a paragraph -- pt. 2. Writing an essay -- pt. 3. Sentence structure.
650 0 _aEnglish language
_xRhetoric
_vHandbooks, manuals, etc.
_9114348
650 0 _aEnglish language
_xGrammar
_vHandbooks, manuals, etc.
_9114349
650 0 _aEnglish language
_vTextbooks for foreign speakers.
_9114350
650 0 _aAcademic writing
_vHandbooks, manuals, etc.
_94072
650 0 _aReport writing
_vHandbooks, manuals, etc.
_94073
700 1 _aHogue, Ann.
_9114351
856 4 1 _uhttp://www.loc.gov/catdir/toc/ecip0515/2005017872.html
942 _2ddc
_cBOOK
906 _a7
_bcbc
_corignew
_d1
_eecip
_f20
_gy-gencatlg